Регионална библиотека "Любен Каравелов" - Русе

Изкуството във времето (Запис номер 104400)

MARC детайли
000 -Лидер
Контролно поле с фиксирана дължина 02220nam a2200445 c 4500
003 - Код на организацията, давaща контролен номер
Контролно поле BLK
005 - Дата и час на последна редакция
Контролно поле 20180422105608.0
008 - Елементи от данни с фиксирана дължина
fixed length control field 180409b bul|||||r ||||||| ||bul||
010 ## - Наследен системен номер
LC control number KNG00109504000
020 ## - Международен стандартен номер на книга ISBN
Международен стандартен номер на книга ISBN 954-91039-1-9
-- издат.: Артес Либералес - ЛМ - на том(кн. 1)
040 ## - Източник на каталожния запис
Идентификатор на билиотеката - собственик на записа BLK
041 ## - Код за език
Код за езика на текст/звукозапис или на отделно заглавие Български
Код за езика КДБФ Български
080 ## - УДК
Текстов определител УДК Обща теория на изкуството. Естетика на изкуството
УДК код - определител по УДК 7.01
УДК определител :2
УДК - код + определител 7.01:2
080 ## - УДК
Текстов определител УДК Изкуство на християнското и ислямското средновековие
УДК код - определител по УДК 7.033
УДК определител (4)
УДК - код + определител 7.033(4)
080 ## - УДК
Текстов определител УДК Писменост. Системи на писмо. Знаци и символи. Кодове. Графическо представяне на мисълта. Вж и 744. 9; 801. Семиотика(общи въпр. )
УДК код - определител по УДК 003
УДК определител
УДК - код + определител 003
100 1# - Редна дума - Автор
Автор Силяновски, Трифон Димитров
Авторска отговорност първи автор
R(LIN) 371280
139 ## - Редно поле
Редна дума Силяновски, Трифон Димитров
Авторски знак Сил - С 36
245 10 - Сведения за заглавието
Заглавие Изкуството във времето
Подзаглавни данни Кн. 1 -
Редно поле (дума) Трифон Димитров Силяновски.
Том Кн. 1
Заглавие на том Спецификата на жизнения ритъм в изкуствата и мисълта
257 ## - Страна на издаване
Страна на създаване/издаване България
260 ## - Област на издателските данни
-- София
Година на издаване 2002
Печатница София : Силвия Русева
300 ## - Физическа характеристика
Размери/Мащаб 21 см
380 ## - Жанр
Жанр Изкуство
500 ## - Общи забележки
Забележка Офс. изд.
650 #4 - Допълнително описание по предмет – тема
Основно описание – тема или топоним Изкуство, средновековно
9 (RLIN) 277834
650 #4 - Допълнително описание по предмет – тема
Основно описание – тема или топоним Европа - култура
9 (RLIN) 264884
650 #4 - Допълнително описание по предмет – тема
Основно описание – тема или топоним Символи и знаци
9 (RLIN) 247835
651 #4 - Допълнително описание по предмет - топоним
Географско понятие Европа
9 (RLIN) 244407
653 ## - Ключова дума – ненормативна
Ключова дума изкуство
653 ## - Ключова дума – ненормативна
Ключова дума музика
653 ## - Ключова дума – ненормативна
Ключова дума Европа
653 ## - Ключова дума – ненормативна
Ключова дума Средновековие
653 ## - Ключова дума – ненормативна
Ключова дума култура
653 ## - Ключова дума – ненормативна
Ключова дума символи
760 1# - Описание на основната серия
-- - на том(кн. 1)
Редна дума на основното описание Силяновски, Трифон Димитров
Място на издаване, издател и година Артес Либералес - ЛМ, 2002
Страници - том 174 с.
Заглавие Кн. 1 Спецификата на жизнения ритъм в изкуствата и мисълта
852 ## - Местоположение
Форматна сигнатура Цб 217043
856 4# - Електронен адрес и достъп
Електронен формат pdf - файл
Път до файла /url/
856 4# - Електронен адрес и достъп
Електронен формат pdf - файл
Път до файла /url/
942 ## - АРТИКУЛИ
Вид на библиотечния материал Книги
Скрит в OPAC Не
944 ## - СЪЗДАВАНЕ И РЕДАКЦИЯ на ЗАПИСА
Създаване/Редакция Създаване
Дата на регистрацията/редакция 09.12.2003
Статус, дата на статуса ф /
Служител, извършил регистрацията/редакцията Валя_Йорданова
944 ## - СЪЗДАВАНЕ И РЕДАКЦИЯ на ЗАПИСА
Създаване/Редакция Редакция
Дата на регистрацията/редакция 03.02.2011
Статус, дата на статуса ф /
Служител, извършил регистрацията/редакцията
999 ## - СИСТЕМНИ КОНТРОЛНИ НОМЕРА
Koha biblionumber 104400
Koha biblioitemnumber 104400
Наличности
Код за отписване Код за изгубен артикул Източник на класификационната схема Код за повреда Коз за рестрикции Код за отдаване Артикулен № Име на библиотеката - собственик Име на библиотеката, в която се намира в момента Статус (Текущо местоположение) Дата на вписване в системата Местоположение - отдел Цена в лева Инвентарен номер Систематично азбучна сигнатура Баркод Номер на екземпляра Цена в евро Служебна бележка Служебен тип на артикула
  Не е изгубен Universal Decimal Classification Не е повреден само за читалня ползва се в читалня 168611 Регионална библиотека "Любен Каравелов" Русе Регионална библиотека "Любен Каравелов" Русе Хранилище 2003-12-09 Хранилище 5.00 120000680760 Цб 217043 120000680760 1 2.56 Дост: Dp Вид: Д N: 49 Дата: 27.11.2002 Книги
  Не е изгубен Universal Decimal Classification Не е повреден без рестрикции заемане за дома 168612 Регионална библиотека "Любен Каравелов" Русе Регионална библиотека "Любен Каравелов" Русе Отдел Изкуство - подръчен фонд 2011-02-02 Отдел Изкуство - подръчен фонд 5.00 120000748951 7.01/С 36 120000748951 2 2.56 Дост: DA Вид: А N: 3 Дата: 02.02.2011 Дата инв: 05.06.2012 Бележки инв: * Книги
Vip Innovations Ltd, Rousse, Bulgaria 2025